Madhya Pradesh code (Record no. 508760)

000 -LEADER
fixed length control field 00411cam a22001457a 4500
008 - FIXED-LENGTH DATA ELEMENTS--GENERAL INFORMATION
fixed length control field 180718b-- xxu||||| |||| 00| 0 eng d
082 ## - DEWEY DECIMAL CLASSIFICATION NUMBER
Classification number A42x5422 C/3
100 ## - MAIN ENTRY--PERSONAL NAME
Personal name Madhya Pradesh. Law Department
9 (RLIN) 4228
245 ## - TITLE STATEMENT
Title Madhya Pradesh code
Statement of responsibility, etc by Law Department
260 ## - PUBLICATION, DISTRIBUTION, ETC. (IMPRINT)
Place of publication, distribution, etc Nagpur
Name of publisher, distributor, etc Government of Madhya Pradesh
Date of publication, distribution, etc 1953
300 ## - PHYSICAL DESCRIPTION
Extent 403p.
440 ## - SERIES STATEMENT/ADDED ENTRY--TITLE
Volume number/sequential designation 3
9 (RLIN) 4229
500 ## - GENERAL NOTE
General note Library has v.1.-v.4, v.6
942 ## - ADDED ENTRY ELEMENTS (KOHA)
Source of classification or shelving scheme
Holdings
Withdrawn status Lost status Source of classification or shelving scheme Damaged status Koha normalized classification for sorting Not for loan Permanent location Current location Date acquired Full call number Barcode Date last seen Price effective from Koha item type
        A_42X5422_C_3_000000000000000   Indian Institute of Public Administration Indian Institute of Public Administration 2019-04-10 A42x5422 C/3 GG34032 2019-04-10 2019-04-10 GG

Powered by Koha